Brief Acount of the Life Achievement and Times of Jamaluddin Afghani (Record no. 7766)

MARC details
000 -LEADER
fixed length control field 00636nam a2200241 a 4500
020 ## - INTERNATIONAL STANDARD BOOK NUMBER
ISBN
082 00 - DEWEY DECIMAL CLASSIFICATION NUMBER
Classification number 297.8
Author Cutter INS
100 ## - MAIN ENTRY--AUTHOR NAME
Author name Institute Of Indo-Middle East,
245 ## - TITLE STATEMENT
Title Brief Acount of the Life Achievement and Times of Jamaluddin Afghani
260 ## - PUBLICATION, DISTRIBUTION, ETC. (IMPRINT)
Place of publication
Name of publisher
Year of publication 1977
300 ## - PHYSICAL DESCRIPTION
Number of Pages 9p
500 ## - GENERAL NOTE
General note includes index and biblioraphy
505 2# - FORMATTED CONTENTS NOTE
Formatted contents note Index
650 ## - SUBJECT ADDED ENTRY--TOPICAL TERM
Topical Term Islam-Movements-Jamaluddin Afghani
942 ## - ADDED ENTRY ELEMENTS (KOHA)
Koha item type Books
700 1# -
-- Institute Of Indo-Middle East,
Holdings
Collection code Home library Current library Date acquired Cost, normal purchase price Full call number Accession Number Koha item type
  Henry Martyn Institute Library Henry Martyn Institute Library 07/13/2007 100.00 297.8 INS 010378 Books
                   Copyright © 2026 | Henry Martyn Institute | Hyderabad | TS-500052 | INDIA | Implemented by hmi.edu.in
Hit-Count:

Powered by Koha